000 01048nam a2200277Ia 4500
003 OSt
005 20221005105657.0
006 a|||||r|||| 00| 0
007 ta
008 221004b |||||||| |||| 00| 0 hin d
020 _a8181436334 (hbk)
_c200
024 _a21192
037 _bCBS/249, 28/01/2015, Classic Book Service
_cTextual
040 _aCRL
_cCRL
_bhin
041 _2hin
_ahin
082 _aW6.2, 152P7
100 _aआलम, जावीद
245 0 _aलोकतंत्र के तलबगार?
246 _aLokatantra ke talabagāra
260 _aनई दिल्ली
_bवाणी प्रकाशन भारत
_c2007
300 _a165पृ0
_ccm.
650 _aराजनीतिक विज्ञान
700 _a दुबे, अभय कुमार, अनु.
_9623680
942 _hW6.2, 152P7
_cTEXL
_2cc
999 _c1016543
_d1016543